Welcome to CU Library Online Public Access Catalogue (OPAC)

Slashing utility costs handbook / (Record no. 5190)

MARC details
000 -LEADER
fixed length control field 00824cam a2200241 a 4500
001 - CONTROL NUMBER
control field 4491892
005 - DATE AND TIME OF LATEST TRANSACTION
control field 20250325131746.0
008 - FIXED-LENGTH DATA ELEMENTS--GENERAL INFORMATION
fixed length control field 971124s1998 gaua b 001 0 eng
020 ## - INTERNATIONAL STANDARD BOOK NUMBER
International Standard Book Number 0881732834
050 00 - LIBRARY OF CONGRESS CALL NUMBER
Classification number HD9685.U5
Item number S795 1998
082 00 - DEWEY DECIMAL CLASSIFICATION NUMBER
Classification number 333.793/23/0973
Edition information 21
100 1# - MAIN ENTRY--PERSONAL NAME
Personal name Studebaker, John M.
245 10 - TITLE STATEMENT
Title Slashing utility costs handbook /
Statement of responsibility, etc. by John M. Studebaker.
250 ## - EDITION STATEMENT
Edition statement 2nd ed.
260 ## - PUBLICATION, DISTRIBUTION, ETC.
Place of publication, distribution, etc. Lilburn, GA :
Name of publisher, distributor, etc. Fairmont Press,
Date of publication, distribution, etc. c1998.
300 ## - PHYSICAL DESCRIPTION
Extent xv, 431 p. :
Other physical details ill. ;
Dimensions 24 cm.
650 #0 - SUBJECT ADDED ENTRY--TOPICAL TERM
Topical term or geographic name entry element Electric utilities
Geographic subdivision United States
General subdivision Costs.
650 #0 - SUBJECT ADDED ENTRY--TOPICAL TERM
Topical term or geographic name entry element Electric utilities
General subdivision Rates
Geographic subdivision United States.
650 #0 - SUBJECT ADDED ENTRY--TOPICAL TERM
Topical term or geographic name entry element Gas industry
Geographic subdivision United States
General subdivision Costs.
650 #0 - SUBJECT ADDED ENTRY--TOPICAL TERM
Topical term or geographic name entry element Gas companies
General subdivision Rates
Geographic subdivision United States.
856 7# - ELECTRONIC LOCATION AND ACCESS
Materials specified Table of contents
Uniform Resource Identifier <a href="http://lcweb.loc.gov/catdir/toc/97-48653.html">http://lcweb.loc.gov/catdir/toc/97-48653.html</a>
Access method http
942 ## - ADDED ENTRY ELEMENTS (KOHA)
Source of classification or shelving scheme Library of Congress Classification
Koha item type Books
Suppress in OPAC No
999 ## -
-- 5190
-- 5190
Holdings
Withdrawn status Lost status Source of classification or shelving scheme Damaged status Not for loan Collection Home library Current library Shelving location Date acquired Total checkouts Full call number Barcode Date last seen Copy number Price effective from Koha item type
    Library of Congress Classification     Non-fiction Undergraduate Library (Christ Temple) Undergraduate Library (Christ Temple) General stacks 03/25/2025   HD9685.U5S7 ulct00001955 03/25/2025 1 03/25/2025 Books
© 2023-2024 Copyright: Central University Libraries. All Rights Reserved | Created by: Mahone Tech Office